K udržateľnému obchodnému modelu maloobchodnej jednotky na základe aktualizácie ponuky
Nové podmienky vyvolané zmenou správania zákazníkov a rozvoj multikanálového obchodu, a to využívaním aktívneho štýlu manažmentu. Metódy globálenho prístupu v riadení predaja maloobchodnej jednotky.
Enregistré dans:
| Auteur principal: | |
|---|---|
| Format: | Chapitre de livre |
| Langue: | slovaque |
| Sujets: | |
| Tags: |
Pas de tags, Soyez le premier à ajouter un tag!
|
MARC
| LEADER | 00000naa$a2200000$$$4500 | ||
|---|---|---|---|
| 001 | 0217349 | ||
| 005 | 20240502073619.7 | ||
| 041 | 0 | |a slo | |
| 044 | |a SK | ||
| 245 | 1 | 0 | |a K udržateľnému obchodnému modelu maloobchodnej jednotky na základe aktualizácie ponuky |c Pavol Konštiak |
| 520 | |a Nové podmienky vyvolané zmenou správania zákazníkov a rozvoj multikanálového obchodu, a to využívaním aktívneho štýlu manažmentu. Metódy globálenho prístupu v riadení predaja maloobchodnej jednotky. | ||
| 610 | 2 | 0 | |a marketing |
| 610 | 2 | 0 | |a merchandising |
| 610 | 2 | 0 | |a stratégia obchodná |
| 610 | 2 | 0 | |a riadenie predaja |
| 610 | 2 | 0 | |a manažment produktový |
| 610 | 2 | 0 | |a správanie spotrebiteľa |
| 100 | 1 | |a Konštiak, Pavol | |